007530000a22002050004500952009000000999001700090001001000107003001000117005001700127008004100144022001400185040004100199041000800240100004700248245005400295300006200349546002300411773010500434942000800539 001040708HEMaFUSBCbFUSBCd2016-01-26l0o r2016-01-26 00:00:00w2016-01-26yANA c59816d59816768714001CO-MdFUSB20170714144826.0170714s1989 ag ||||| |||| 00| 0 spa d a0122-2996 aCO-MdFUSBbspacCO-MdFUSBdCO-MdFUSB aspa1 aDeiros, Pablo A. (Alberto) (1945-)eautor 10aUna historia de la misión desde el Tercer Mundo aVolumen 21. Número 34 (1989), Páginas 167-182c22 cm. aTexto en español0 tBoletín Teológico049507961471gVolumen 21. Número 34 (1989), Páginas 167-182qPágina 167 cANA